00952nam a2200241Ia 45000010005000000030008000050050017000130080041000300350018000710400027000890410008001160820022001242450119001462600070002653000032003354900094003674900028004615040051004896500030005406500024005707000034005948300082006288443BD-RjUL20211208234605.0140118s19581956ilua b 00110 eng d a(BD-RjUL)8488 aIULcIULdBD-RjULbeng aeng00a332.401bSTU 195800aStudies in the quantity theory of money /cedited by Milton Friedman ; with essays by Milton Friedman ... [et al.] aChicago :bUniversity of Chicago Press,cc1956 [Impression 1958]. av, 265 p. :bill. ;c23 cm.1 aEconomics research studies of the Economics Research Center of the University of Chicago.0 aA Phoenix book ;vP561. aIncludes bibliographical references and index. 0aQuantity theory of money. 0aInflation (Finance)1 aFriedman, Milton,q1912-2006. 0aEconomics research studies (University of Chicago. Economics Research Center)